000 00625nam a2200193Ia 4500
008 151121s9999||||xx |||||||||||||| ||und||
082 _a813/यादवा
082 _bHNW-59068
100 _aयादवाडकर प्रकाश
245 _aआकाशभरारी
260 _b"मनोरमा प्रकाशन, मुंबई।"
260 _c--
300 _a271
600 _aयादवाडकर प्रकाश
630 _aआकाशभरारी
700 _aयादवाडकर प्रकाश
730 _aआकाशभरारी
942 _cBOOK
999 _c1240853
_d1240850